000 00383nam a22001697a 4500
003 SGT
020 _a9788173717871
082 _a615.1
_bH22A
100 _aAGRAWAL,S.S
245 _aHERBAL DRUG TECHNOLOGY
250 _a2ND
260 _aNEW DELHI
_bUNIVERSITY PRESS
_c2022
300 _a816
650 _aHURBAL DRUG
653 _a,TECHNOLOGY, HERBAL ,DRUG
942 _2ddc
_cBK
_04
999 _c22918
_d22918